Introduction to Combustion Engineering: (Record no. 190372)

MARC details
000 -LEADER
fixed length control field 00686nam a22001937a 4500
005 - DATE AND TIME OF LATEST TRANSACTION
control field 20231121170743.0
010 ## - LCCN (DPL NO)
LC control number ENG-133865
020 ## - INTERNATIONAL STANDARD BOOK NUMBER
International Standard Book Number 9789357053129
Terms of availability 699.00
035 ## - SYSTEM CONTROL NUMBER
System control number EN-117397
037 ## - SOURCE OF ACQUISITION
Source of stock number/acquisition DBAD/PUB
082 ## - DEWEY DECIMAL CLASSIFICATION NUMBER
Classification number 621.4023
100 ## - MAIN ENTRY--PERSONAL NAME
Personal name Sarkar, Amitava
245 ## - TITLE STATEMENT
Title Introduction to Combustion Engineering:
Statement of responsibility, etc By Amitava Sarkar and Pranab kumar Mondal
Remainder of title Basic and Applied/
260 ## - PUBLICATION, DISTRIBUTION, ETC. (IMPRINT)
Place of publication, distribution, etc Noida
Name of publisher, distributor, etc Pearson India Education Services Pvt. Ltd
270 ## - ADDRESS
Address 1st Floor, Berger Tower, Plot No. C-001A/2, Sector 16B,
City Uttar Pradesh
Postal code 201301
300 ## - PHYSICAL DESCRIPTION
Extent 541p.
Dimensions 24cm(pbk)
700 ## - ADDED ENTRY--PERSONAL NAME
Personal name Mondal, Kumar Pranab
9 (RLIN) 58933
942 ## - ADDED ENTRY ELEMENTS (KOHA)
Source of classification or shelving scheme Dewey Decimal Classification
Item type English Books
Classification part 621.4023
Call number suffix SAR
Holdings
Withdrawn status Lost status Not for loan Collection code Home library Current library Date acquired Source of acquisition Cost, normal purchase price Full call number Barcode Copy number Cost, replacement price Koha item type
      Non-fiction Vinoba Puri Vinoba Puri 21/07/2022 DBAD/PUB 699.00 621.4023 SAR EN-117397 1 699.00 English Books

© Delhi Public Library
Hit Counter
free hit counter